000
00255nam a2200097Ia 4500
001
691769
005
20250826161842.0
008
250824s9999 xx 000 0 und d
245
0
_a
OSMANLI ORDUSUNDA BİR NEFER
_c
İBRAHİM ARIKAN
260
_b
TİMAŞ YAYINLARI
999
_c
691769
_d
691769